LEADER 01348nam 2200349 450 001 9910220112803321 005 20230807211414.0 010 $a0-8330-9375-4 035 $a(CKB)3710000000595151 035 $a(WaSeSS)IndRDA00124963 035 $a(EXLCZ)993710000000595151 100 $a20200626d2015 uy 0 101 0 $aeng 135 $aur||||||||||| 181 $ctxt$2rdacontent 182 $cc$2rdamedia 183 $acr$2rdacarrier 200 14$aThe Mental Health Association of San Francisco partner organizations meet their goals in stigma reduction efforts $eresults of a qualitative evaluation of the technical assistance process /$fJennifer L. Cerully [and three others] 210 1$aSanta Monica, California :$cRAND Corporation,$d2015. 215 $a1 online resource (8 pages) 606 $aMental illness$xPublic opinion$zCalifornia 606 $aDiscrimination against the mentally ill$zCalifornia 615 0$aMental illness$xPublic opinion 615 0$aDiscrimination against the mentally ill 676 $a305.9084 700 $aCerully$b Jennifer L.$01163777 801 0$bWaSeSS 801 1$bWaSeSS 906 $aBOOK 912 $a9910220112803321 996 $aThe Mental Health Association of San Francisco partner organizations meet their goals in stigma reduction efforts$92969190 997 $aUNINA